Effect of ethephon stimulation on the physical and mechanical properties of rubber wood (Hevea brasiliensis) muell. Arg. (Record no. 51518)

MARC details
000 -LEADER
fixed length control field 00658nam a2200181Ia 4500
100 ## - MAIN ENTRY--AUTHOR NAME
Personal name Meenakumari T
245 #0 - TITLE STATEMENT
Title Effect of ethephon stimulation on the physical and mechanical properties of rubber wood (Hevea brasiliensis) muell. Arg.
260 ## - PUBLICATION, DISTRIBUTION, ETC. (IMPRINT)
Name of publisher The Progress and Development of Rubber Small Holders: Proceedings of the Ninth Seminar, 9-11 November 2005, Cochin, India. pp. 99-107.
650 ## - SUBJECT ADDED ENTRY--TOPICAL TERM
Topical Term Ethephon stimulation
650 ## - SUBJECT ADDED ENTRY--TOPICAL TERM
Topical Term Rubber wood
650 ## - SUBJECT ADDED ENTRY--TOPICAL TERM
Topical Term Wood properties
700 ## - ADDED ENTRY--PERSONAL NAME
Personal name Reghu C P
700 ## - ADDED ENTRY--PERSONAL NAME
Personal name Saraswathyamma C K
700 ## - ADDED ENTRY--PERSONAL NAME
Personal name Thomas Jimmy
700 ## - ADDED ENTRY--PERSONAL NAME
Personal name Thomas V
942 ## - ADDED ENTRY ELEMENTS (KOHA)
Koha item type Bibliography STAF
Holdings
Withdrawn status Lost status Damaged status Not for loan Home library Current library Shelving location Date acquired Koha item type
      Bibliography RRII Library RRII Library Rubber wood 09/04/2014 Bibliography STAF